| 000 | 00701nam a2200229Ia 4500 | ||
|---|---|---|---|
| 005 | 20250507130402.0 | ||
| 008 | 008 250505s9999 xx 000 0 chi d | ||
| 020 | _a9781845455002 | ||
| 037 | _aAnnuals, Advances | ||
| 040 |
_aEASL _beng _cEASL |
||
| 041 |
_achi _2eng |
||
| 084 |
_aV41:1942.N49, P7 _qEASL |
||
| 100 |
_aWakabayashi Bob Tadashi Ed. _918436 |
||
| 245 | 0 | _aNanking atrocity, 1937-38:Complicating the picture | |
| 260 |
_aUSA _bNew York Berghahn Books _c2007 |
||
| 300 | _axx,434p. | ||
| 365 |
_a¥ _b4998 |
||
| 490 | _aAsia -Pacific studies | ||
| 650 | _aHistory-historiography | ||
| 942 |
_cTEXL _hV41:1942.N49, P7 |
||
| 999 |
_c1319400 _d1319400 |
||